UM Logo

Motivation and students' engagement of elementary students / (Record no. 12313)

MARC details
000 -LEADER
fixed length control field 00633nam a22001697a 4500
008 - FIXED-LENGTH DATA ELEMENTS--GENERAL INFORMATION
fixed length control field 190122b ||||| |||| 00| 0 eng d
082 ## - DEWEY DECIMAL CLASSIFICATION NUMBER
Edition number 2018
Classification number UT 1151
Item number R82
100 ## - MAIN ENTRY--PERSONAL NAME
Personal name Roslinda, Maureen L.
9 (RLIN) 34789
245 ## - TITLE STATEMENT
Title Motivation and students' engagement of elementary students /
Statement of responsibility, etc. Maureen L. Roslinda, Rechilyn S. Calma, and Anna Mae D. Entrampas.
260 ## - PUBLICATION, DISTRIBUTION, ETC. (IMPRINT)
Place of publication, distribution, etc. Digos City:
Name of publisher, distributor, etc. UMDC
Date of publication, distribution, etc. October 2018.
300 ## - PHYSICAL DESCRIPTION
Extent 66 pages;
Dimensions 30 cm.
650 ## - SUBJECT ADDED ENTRY--TOPICAL TERM
Topical term or geographic name as entry element Education
Form subdivision Beed
General subdivision Undergraduate thesis.
9 (RLIN) 34786
700 ## - ADDED ENTRY--PERSONAL NAME
Personal name Roslinda, Maureen L.
9 (RLIN) 34789
700 ## - ADDED ENTRY--PERSONAL NAME
Personal name Calma, Rechilyn S.
9 (RLIN) 34790
700 ## - ADDED ENTRY--PERSONAL NAME
Personal name Entrampas, Anna Mae D.
9 (RLIN) 34791
942 ## - ADDED ENTRY ELEMENTS (KOHA)
Source of classification or shelving scheme Dewey Decimal Classification
Koha item type Undergraduate Thesis
Holdings
Withdrawn status Lost status Source of classification or shelving scheme Damaged status Not for loan Home library Current library Date acquired Total Checkouts Full call number Barcode Date last seen Price effective from Koha item type
    Dewey Decimal Classification     UM Digos College - LIC UM Digos College - LIC 01/15/2019   UT 1151 R82 2018 UT1151 01/22/2019 01/22/2018 Undergraduate Thesis